[Event "Let's Play Chess!"]
[Site "http://www.queenalice.com/game.php?id=532470"]
[Date "2009.1.31"]
[Round "-"]
[White "CampbellMarcel"]
[Black "leo3"]
[Result "0-1"]
[WhiteElo "1424"]
[BlackElo "1679"]

1. e4 c5 2. Nf3 Nc6 3. Bb5 e6 4. Bxc6 bxc6 5. O-O d6 6. c4 Be7 7. d3 e5 8. h3
Nf6 9. Nh2 O-O 10. f4 Ne8 11. f5 Nf6 12. Nc3 Bb7 13. g4 Nd7 14. Be3 Bg5 15. Bxg5
Qxg5 16. Ne2 Qe3+ 17. Rf2 Nf6 18. Kg2 Qh6 19. Ng3 g5 20. fxg6 fxg6 21. Nf3 Qg7
22. Ng5 Rae8 23. Qb3 h6 24. Nf3 Nh7 25. Raf1 Re7 26. a4 Ref7 27. a5 Rf6 28. Qa4
Qd7 29. a6 Ba8 30. b4 cxb4 31. Qxb4 c5 32. Qb2 Kg7 33. Nh2 Rf4 34. Ne2 Rxf2+ 35.
Rxf2 Rxf2+ 36. Kxf2 Ng5 37. Kg2 Ne6 38. Nf3 g5 39. Ng3 Nf4+ 0-1

[Event "Challenge"]
[Site "http://www.queenalice.com/game.php?id=536698"]
[Date "2009.2.7"]
[Round "-"]
[White "laoziller"]
[Black "leo3"]
[Result "0-1"]
[WhiteElo "1815"]
[BlackElo "1708"]

1. d4 d5 2. c4 dxc4 3. e4 e6 4. Bxc4 Be7 5. Nf3 Nf6 6. Nc3 a6 7. a3 O-O 8. Ne5
b6 9. O-O Bb7 10. f3 Nc6 11. Nxc6 Bxc6 12. Bg5 Nd7 13. Bxe7 Qxe7 14. d5 Ne5 15.
Qd4 Nxc4 16. Qxc4 Bb7 17. dxe6 fxe6 18. Rad1 Rad8 19. Ne2 c5 20. Nf4 Rxf4 21.
Rxd8+ Qxd8 22. Qxe6+ Rf7 23. Qc4 Kf8 24. Kf2 Rd7 25. Ke3 Rd4 26. Qc2 c4 27. Ke2
Qg5 28. g3 Rd3 29. Rd1 Qe3+ 0-1

[Event "Challenge"]
[Site "http://www.queenalice.com/game.php?id=540278"]
[Date "2009.2.14"]
[Round "-"]
[White "sunking"]
[Black "leo3"]
[Result "0-1"]
[WhiteElo "1616"]
[BlackElo "1822"]

1. d4 Nf6 2. f3 d5 3. Bg5 e6 4. Nc3 Be7 5. Bxf6 Bxf6 6. e4 dxe4 7. Nxe4 Be7 8.
c4 O-O 9. Qd2 b6 10. c5 a5 11. Nh3 Na6 12. Bd3 Bb7 13. Nhg5 bxc5 14. Nxc5 Bxg5
15. f4 Nxc5 16. dxc5 Bh4+ 17. g3 Bxh1 18. gxh4 Qxh4+ 19. Qf2 Qxf2+ 20. Kxf2 Bc6
21. Re1 f6 22. Rxe6 Bd5 23. Re7 c6 24. b3 a4 25. b4 Bxa2 26. Be4 Bd5 27. b5 Bxe4
28. Rxe4 cxb5 29. c6 a3 30. Rb4 a2 31. Rxb5 a1=Q 32. Kf3 Qf1+ 33. Kg3 Ra3+ 34.
Kg4 Qh3# 0-1

[Event "Challenge"]
[Site "http://www.queenalice.com/game.php?id=544216"]
[Date "2009.2.21"]
[Round "-"]
[White "Andrei_78"]
[Black "leo3"]
[Result "0-1"]
[WhiteElo "1682"]
[BlackElo "1781"]

1. e3 d5 2. d4 Nf6 3. h3 Bf5 4. Nf3 h6 5. Bb5+ c6 6. Ba4 Qa5+ 7. Nc3 Ne4 8. Bb3
e6 9. O-O Bd6 10. Bd2 Qd8 11. Nxe4 Bxe4 12. Nh2 Bg6 13. Nf3 Nd7 14. Nh4 Qxh4 15.
Qf3 Be4 16. Qg4 Qf6 17. f3 Bf5 18. Qh5 g6 19. Qg4 Bxg4 20. fxg4 Qe7 21. a3 O-O-O
22. Ba5 b6 23. Be1 c5 24. dxc5 Nxc5 25. Ba2 Ne4 26. c3 Bc5 27. b4 Bxe3+ 28. Kh1
h5 29. Rf3 Qg5 30. h4 hxg4 31. Rf1 Rxh4+ 32. Bxh4 Qxh4# 0-1

[Event "Challenge "]
[Site "http://www.queenalice.com/game.php?id=547281"]
[Date "2009.2.27"]
[Round "-"]
[White "Urko"]
[Black "leo3"]
[Result "1-0"]
[WhiteElo "1649"]
[BlackElo "1841"]

1. e4 c5 2. c3 e6 3. d4 cxd4 4. cxd4 d6 5. Nf3 b6 6. g3 Bb7 7. d5 e5 8. Bb5+ Nd7
9. Nc3 a6 10. Bc6 Bxc6 11. dxc6 Ndf6 12. Bg5 Be7 13. Bxf6 Nxf6 14. Nd5 Nxd5 15.
Qxd5 O-O 16. b4 Ra7 17. a4 Kh8 18. Ke2 Rc7 19. b5 a5 20. h4 f5 21. Rad1 Qc8 22.
h5 f4 23. Rdg1 fxg3 24. Rxg3 h6 25. Rhg1 Bf6 26. Qxd6 Rd8 27. Qa3 Qe6 28. Nd2
Bg5 29. Rd3 Rxd3 30. Qxd3 Bxd2 31. Qxd2 Qc4+ 32. Ke3 Qc5+ 33. Kf3 Rf7+ 34. Kg2
Rf8 35. f3 Qe7 36. Qe3 Qc7 37. Rd1 Rf4 38. Rd7 Qc8 39. Qxb6 Rf8 40. Qc5 Qe8 41.
b6 Rf6 42. b7 Qxh5 43. b8=Q+ Kh7 44. Qbxe5 Qxf3+ 45. Kh2 Qe2+ 46. Kh3 Rf3+ 47.
Kh4 Qe1+ 48. Kg4 1-0

[Event "Challenge"]
[Site "http://www.queenalice.com/game.php?id=556639"]
[Date "2009.3.15"]
[Round "-"]
[White "leo3"]
[Black "siocnarf"]
[Result "0-1"]
[WhiteElo "1774"]
[BlackElo "1957"]

1. e4 e5 2. Nf3 d6 3. Nc3 Nc6 4. Bb5 Nf6 5. d3 Be7 6. Bg5 O-O 7. a3 Bg4 8. Bxc6
bxc6 9. Qd2 Nd7 10. Bxe7 Qxe7 11. O-O-O Bxf3 12. gxf3 Qf6 13. Qe2 Rae8 14. Rdg1
Nc5 15. h4 Ne6 16. Qe3 Nd4 17. Rg3 a6 18. Rhg1 g6 19. Ne2 Nxe2+ 20. Qxe2 Qxh4
21. Rg4 Qh5 22. Qe3 f5 23. Rg5 Qh2 24. R5g2 Qf4 25. Rg3 Qxe3+ 26. fxe3 f4 27.
exf4 Rxf4 28. Kd2 Ref8 29. Ke3 Kg7 30. d4 exd4+ 31. Kxd4 Rxf3 32. Rxf3 Rxf3 33.
e5 Rf4+ 34. Ke3 dxe5 35. c3 h5 36. b3 Kh6 37. a4 h4 38. c4 h3 0-1

[Event "Let's Play Chess!"]
[Site "http://www.queenalice.com/game.php?id=560952"]
[Date "2009.3.24"]
[Round "-"]
[White "Mikalus"]
[Black "leo3"]
[Result "0-1"]
[WhiteElo "1895"]
[BlackElo "1840"]

1. e4 c5 2. Bc4 e6 3. Nc3 Nc6 4. Nf3 Be7 5. d4 cxd4 6. Nxd4 Ne5 7. Bb3 Nf6 8.
O-O a6 9. Nf3 Nxf3+ 10. Qxf3 d6 11. Bg5 O-O 12. Rad1 Bd7 13. Ne2 Bc6 14. Ng3 Qc7
15. Rfe1 Qd8 16. Qe2 Ne8 17. Bxe7 Qxe7 18. c4 b5 19. cxb5 axb5 20. Rc1 Qb7 21.
Rc2 g6 22. Rec1 Rc8 23. Qg4 Ng7 24. f3 d5 25. exd5 Bd7 26. Rxc8 Rxc8 27. Qf4
Rxc1+ 28. Qxc1 exd5 29. Qd2 Be6 30. Ne2 Nf5 31. Nd4 Qb6 0-1

[Event "Atlas"]
[Site "http://www.queenalice.com/game.php?id=561782"]
[Date "2009.3.26"]
[Round "-"]
[White "leo3"]
[Black "blackwolf"]
[Result "1/2-1/2"]
[WhiteElo "1827"]
[BlackElo "1773"]

1. Nf3 Nf6 2. c4 g6 3. g3 Bg7 4. Bg2 O-O 5. O-O d6 6. d4 Bf5 7. Nc3 Nbd7 8. b3
Re8 9. Nh4 e6 10. Nxf5 exf5 11. Bxb7 Rb8 12. Bc6 Re7 13. Qc2 Nb6 14. Bg2 c5 15.
dxc5 dxc5 16. Rd1 Rd7 17. Bb2 Rc8 18. Rxd7 Nfxd7 19. Rd1 Qe7 20. Nd5 Qe6 21.
Nxb6 axb6 22. Bd5 Qe7 23. Bxg7 Kxg7 24. h4 Ne5 25. Qb2 Qf6 26. Rd2 Nc6 27. Qxf6+
Kxf6 28. e3 Rd8 29. f4 Nb4 30. Kf2 Ke7 31. Kf3 Nxd5 32. Rxd5 Rxd5 33. cxd5 Kd6
34. e4 fxe4+ 35. Kxe4 f5+ 36. Kd3 Kxd5 37. a4 h6 38. Ke3 Kd6 1/2-1/2

[Event "fibonacci"]
[Site "http://www.queenalice.com/game.php?id=571476"]
[Date "2009.4.13"]
[Round "-"]
[White "merlin"]
[Black "leo3"]
[Result "1-0"]
[WhiteElo "1799"]
[BlackElo "1878"]

1. Nf3 f5 2. d4 Nf6 3. Nc3 g6 4. e3 Bg7 5. Bd2 d6 6. Bc4 e6 7. Qe2 Bd7 8. e4
fxe4 9. Nxe4 d5 10. Nxf6+ Bxf6 11. Bxd5 Nc6 12. Bxc6 bxc6 13. Bh6 Qe7 14. Ne5
Bg7 15. Bxg7 Qxg7 16. f4 O-O 17. g3 a5 18. a4 Rfb8 19. b3 Rb4 20. Qd3 Be8 21.
Qe4 Ra6 22. Rb1 Rab6 23. Rd1 c5 24. Qa8 Qf8 25. dxc5 1-0

[Event "Challenge"]
[Site "http://www.queenalice.com/game.php?id=586409"]
[Date "2009.5.10"]
[Round "-"]
[White "Carl_Flemming"]
[Black "leo3"]
[Result "1-0"]
[WhiteElo "1830"]
[BlackElo "1799"]

1. e4 c5 2. Nf3 Nc6 3. Bb5 Qc7 4. c3 d6 5. h3 Bd7 6. d4 cxd4 7. cxd4 e6 8. O-O
Nge7 9. Nc3 g6 10. Bf4 Bg7 11. Qd2 O-O 12. Rac1 a6 13. Ba4 b5 14. Bb3 Rfc8 15.
d5 e5 16. dxc6 Bxc6 17. Bg5 Ra7 18. Nd5 Qd8 19. Nxe7+ Kf8 20. Nxc6 1-0

[Event "AUTO-ADV-1324"]
[Site "http://www.queenalice.com/game.php?id=586473"]
[Date "2009.5.11"]
[Round "1"]
[White "BIGJACK"]
[Black "leo3"]
[Result "0-1"]
[WhiteElo "1879"]
[BlackElo "1744"]

1. e4 c5 2. c3 e6 3. d4 cxd4 4. cxd4 Nf6 5. Nc3 Bb4 6. Bd3 d6 7. Bg5 h6 8. Bh4
g5 9. Bg3 Qe7 10. Qa4+ Nc6 11. Nf3 Bd7 12. Bb5 Bxc3+ 13. bxc3 Nxe4 14. O-O Nxc3
15. Qc4 Nd5 16. Bxc6 Bxc6 17. Rfe1 Rc8 18. Qb3 f5 19. h4 f4 20. Bh2 Kd8 21. g3
Qf6 22. Rac1 Nc7 23. gxf4 gxh4 24. Kf1 h3 25. Ke2 Nd5 26. Qa3 Nxf4+ 27. Bxf4
Bb5+ 28. Kd1 Qxf4 29. Qa5+ b6 30. Rxc8+ Kxc8 31. Qc3+ Kd7 32. Qb3 Qf5 33. Qe3
Qb1+ 34. Qc1 Qd3+ 35. Qd2 Qxf3+ 0-1

[Event "AUTO-ADV-1324"]
[Site "http://www.queenalice.com/game.php?id=586474"]
[Date "2009.5.11"]
[Round "1"]
[White "leo3"]
[Black "BIGJACK"]
[Result "1-0"]
[WhiteElo "1820"]
[BlackElo "1864"]

1. c4 e5 2. Nc3 Nf6 3. g3 d5 4. cxd5 Nxd5 5. Bg2 c6 6. d3 Bb4 7. Bd2 O-O 8. e4
Nf6 9. Nge2 Be6 10. O-O Nbd7 11. a3 Bc5 12. b4 Bb6 13. Na4 Bd4 14. Nxd4 exd4 15.
f4 Bg4 16. Bf3 Bxf3 17. Qxf3 Re8 18. Nb2 b5 19. a4 a6 20. e5 Nd5 21. axb5 axb5
22. Rfe1 N7b6 23. Qe4 Rxa1 24. Rxa1 Qe7 25. Qxd4 f6 26. Re1 Qf7 27. Nd1 fxe5 28.
fxe5 Qf3 29. Rf1 Qe2 30. Bf4 Rf8 31. Nc3 Qg4 32. Nxd5 Nxd5 33. Kg2 g5 34. h3
Nxf4+ 35. Rxf4 Rxf4 36. Qd8+ Rf8 37. Qxf8+ Kxf8 38. hxg4 Ke7 39. Kf3 c5 40. bxc5
b4 41. Ke3 1-0

[Event "AUTO-ADV-1324"]
[Site "http://www.queenalice.com/game.php?id=586487"]
[Date "2009.5.11"]
[Round "1"]
[White "Fischercat"]
[Black "leo3"]
[Result "0-1"]
[WhiteElo "1884"]
[BlackElo "1797"]

1. h4 d5 2. d4 Nf6 3. Bg5 e6 4. e3 Be7 5. Bd3 Nbd7 6. h5 h6 7. Bxf6 Nxf6 8. g4
Nd7 9. Nc3 b6 10. Qf3 Bb7 11. Qg3 a6 12. Nf3 Bd6 13. Qh4 Be7 14. Qh3 c5 15. g5
c4 16. Be2 Bxg5 17. Nxg5 Qxg5 18. O-O-O O-O-O 19. Rdg1 Qf6 20. Rh2 g6 21. Rhg2
Rdg8 22. f4 g5 23. Rf2 Kb8 24. f5 e5 25. Qg3 Ka7 26. Bf3 e4 27. Bg4 Qc6 28. Rgf1
Nf6 29. a3 Nxg4 30. Qxg4 f6 31. Na2 a5 32. c3 Ba6 33. Rc2 Bb5 34. Kb1 Ba4 35.
Rd2 Rb8 36. Rff2 b5 37. Qg1 Bb3 38. Nc1 Rb7 39. Nxb3 cxb3 40. Rd1 Rc8 41. Qe1 a4
42. Rc1 Rbc7 43. Rf1 Qa6 44. Qd2 b4 45. cxb4 Rc2 46. Rxc2 bxc2+ 47. Kc1 Qxf1+
0-1

[Event "AUTO-ADV-1324"]
[Site "http://www.queenalice.com/game.php?id=586488"]
[Date "2009.5.11"]
[Round "1"]
[White "leo3"]
[Black "Fischercat"]
[Result "1-0"]
[WhiteElo "1772"]
[BlackElo "1879"]

1. Nf3 Nc6 2. c4 d5 3. cxd5 Qxd5 4. Nc3 Qd8 5. d4 Bg4 6. e4 Nxd4 7. Be2 Nxe2 8.
Qxe2 e6 9. O-O Bd6 10. Qe3 Bxf3 11. Qxf3 Qf6 12. Qe2 Be5 13. Qb5+ c6 14. Qxb7
Rd8 15. Qxc6+ Rd7 16. Rd1 Qe7 17. Be3 Nf6 18. Rxd7 Qxd7 19. Qa8+ Qd8 20. Qxd8+
Kxd8 21. Rd1+ Nd7 22. Bxa7 Ke7 23. Rd3 Rc8 24. Be3 Nb8 25. f4 Bxc3 26. Rxc3 Rxc3
27. bxc3 Nc6 28. Bc5+ Kd7 29. a4 Na5 30. Bb4 Nc4 31. a5 Kc6 32. Kf2 Kb5 33. Ke2
f6 34. Kd3 Nb2+ 35. Kd4 Nc4 36. Bc5 Nxa5 37. Bf8 Nb3+ 38. Kd3 g5 39. f5 exf5 40.
exf5 Nc1+ 41. Kd4 Ne2+ 42. Kd5 Nxc3+ 43. Ke6 Ne4 44. Bg7 1-0

[Event "AUTO-ADV-1324"]
[Site "http://www.queenalice.com/game.php?id=586497"]
[Date "2009.5.11"]
[Round "1"]
[White "leo3"]
[Black "Bernhardur"]
[Result "0-1"]
[WhiteElo "1750"]
[BlackElo "2027"]

1. e4 e6 2. d4 d5 3. e5 c5 4. c3 Qb6 5. Nf3 Nc6 6. Be2 cxd4 7. cxd4 Nge7 8. O-O
Nf5 9. b3 Nfxd4 10. Nxd4 Nxd4 11. Be3 Nxe2+ 12. Qxe2 Qd8 13. Bd4 Be7 14. Nd2 O-O
15. Rac1 b6 16. f4 a5 17. a4 Ba6 18. Qf2 Bxf1 19. Nxf1 Rb8 20. Qe2 Bb4 21. Qe3
Re8 22. Rc6 b5 23. axb5 Rxb5 24. Qc1 Qa8 25. Rc7 Rb7 26. Rc2 Rbb8 27. Ne3 Rbc8
28. f5 Rxc2 29. Qxc2 Rc8 30. Qe2 Rc1+ 31. Kf2 Qc8 32. f6 g6 33. h4 Be1+ 34. Kf3
Bxh4 35. g3 Bg5 36. Qh2 Qf8 37. Qb2 Rc8 38. Ng4 Rb8 39. Bc3 Qc5 40. Bd4 Qb4 41.
Ne3 Qxb3 42. Qe2 Bxe3 43. Bxe3 d4 0-1

[Event "AUTO-ADV-1324"]
[Site "http://www.queenalice.com/game.php?id=586498"]
[Date "2009.5.11"]
[Round "1"]
[White "Bernhardur"]
[Black "leo3"]
[Result "1-0"]
[WhiteElo "1988"]
[BlackElo "1761"]

1. d4 d5 2. Nf3 Nf6 3. Bg5 Nbd7 4. e3 e6 5. c4 c6 6. Nbd2 Be7 7. Bd3 O-O 8. O-O
b6 9. cxd5 cxd5 10. Rc1 Bb7 11. a3 Kh8 12. Bxf6 Bxf6 13. Qc2 g6 14. b4 Rc8 15.
Qb2 a6 16. Rxc8 Qxc8 17. Rc1 Qb8 18. Nf1 b5 19. Qb1 Nb6 20. N1d2 Nc4 21. Qb3 Rc8
22. Bxc4 dxc4 23. Qc3 Qa8 24. Re1 Bg7 25. e4 Rd8 26. e5 f6 27. exf6 Bxf6 28.
Rxe6 Kg7 29. Re1 Rd6 30. a4 Qd8 31. axb5 axb5 32. h3 Kf7 33. Ne5+ Kg7 34. Ndf3
Bxf3 35. Nxf3 Bxd4 36. Nxd4 Rxd4 37. Rd1 1-0

[Event "Challenge"]
[Site "http://www.queenalice.com/game.php?id=616098"]
[Date "2009.7.9"]
[Round "-"]
[White "aris33"]
[Black "leo3"]
[Result "0-1"]
[WhiteElo "1875"]
[BlackElo "1826"]

1. e4 c5 2. c3 d5 3. f3 d4 4. d3 e5 5. a3 Bd7 6. Bd2 Nf6 7. Bg5 Be7 8. g4 Nc6 9.
Nh3 h6 10. Bh4 g5 11. Bg3 h5 12. Qb3 Na5 13. Qa2 Be6 14. c4 hxg4 15. Nxg5 Bd6
16. fxg4 Nxg4 17. Nf3 Ne3 18. b3 Bg4 19. Nbd2 Nxf1 20. Rxf1 Qe7 21. Rc1 O-O-O
22. Nb1 Rdf8 23. a4 Nc6 24. Qg2 Bh3 25. Qe2 Bxf1 26. Qxf1 f5 27. Nbd2 f4 28. Bf2
Bc7 0-1

[Event "Challenge"]
[Site "http://www.queenalice.com/game.php?id=620974"]
[Date "2009.7.18"]
[Round "-"]
[White "maribondo"]
[Black "leo3"]
[Result "1-0"]
[WhiteElo "1901"]
[BlackElo "1837"]

1. Nf3 d5 2. d4 Nf6 3. c4 c6 4. Nc3 g6 5. Bf4 Bg7 6. h3 O-O 7. e3 Bf5 8. Qb3 b6
9. Be2 Nbd7 10. g4 Be4 11. Nxe4 dxe4 12. Nd2 e5 13. dxe5 Nc5 14. Qc2 Nd3+ 15.
Kf1 Ne8 16. Nxe4 Nxf4 17. Rd1 Nd5 18. cxd5 cxd5 19. f4 f5 20. Rxd5 Qxd5 21. Bc4
Nc7 22. Nd6 fxg4 23. Bxd5+ Nxd5 24. Qc4 g3 25. Qxd5+ Kh8 26. Nf7+ 1-0

[Event "Challenge"]
[Site "http://www.queenalice.com/game.php?id=643478"]
[Date "2009.8.28"]
[Round "-"]
[White "woinic"]
[Black "leo3"]
[Result "1-0"]
[WhiteElo "1897"]
[BlackElo "1840"]

1. c4 f5 2. g3 Nf6 3. Bg2 g6 4. Nc3 Bg7 5. d4 d6 6. e4 fxe4 7. Nxe4 c6 8. Nxf6+
Bxf6 9. Nf3 O-O 10. O-O Bg7 11. Re1 b6 12. Bg5 Bf6 13. Bxf6 Rxf6 14. Qd2 Kg7 15.
Re3 Bg4 16. Ng5 h6 17. Ne4 Rf7 18. Rae1 Nd7 19. b4 c5 20. dxc5 Ne5 21. cxd6 Bf3
22. Qc3 Qxd6 23. Nxd6 1-0

[Event "Challenge"]
[Site "http://www.queenalice.com/game.php?id=660692"]
[Date "2009.9.30"]
[Round "-"]
[White "leo3"]
[Black "aris33"]
[Result "1-0"]
[WhiteElo "1824"]
[BlackElo "1912"]

1. Nf3 e6 2. d4 d5 3. c4 dxc4 4. Nc3 Bb4 5. e3 Qd5 6. Bd2 Bxc3 7. bxc3 b5 8. Be2
f6 9. Nh4 g5 10. Bh5+ Ke7 11. Bf3 Qd6 12. Bxa8 gxh4 13. Qh5 c6 14. Qxh4 Kd7 15.
O-O Ne7 16. Qxf6 Rg8 17. e4 Kc7 18. Bf4 1-0

[Event "Challenge"]
[Site "http://www.queenalice.com/game.php?id=662255"]
[Date "2009.10.3"]
[Round "-"]
[White "cme"]
[Black "leo3"]
[Result "1-0"]
[WhiteElo "2104"]
[BlackElo "1844"]

1. e4 c5 2. Nf3 Nc6 3. d3 d6 4. Be3 Bg4 5. Be2 Nf6 6. Nc3 h6 7. h3 Bh5 8. O-O e6
9. d4 cxd4 10. Nxd4 Bxe2 11. Qxe2 Be7 12. Rfd1 a6 13. a3 O-O 14. Nf3 Nh7 15. Nh2
f5 16. exf5 exf5 17. Nd5 Re8 18. Qh5 Rf8 19. Rd3 Bg5 20. Nf3 Ne5 21. Nxe5 dxe5
22. Bxg5 Nxg5 23. Qg6 Qe8 24. Qxe8 Raxe8 25. Re1 e4 26. Rb3 Rf7 27. Rb6 f4 28.
h4 Nh7 29. Rb4 Re5 30. Nc3 e3 31. fxe3 fxe3 32. Nd1 e2 33. Nc3 Rfe7 34. Kf2 Rf7+
35. Kg3 Re3+ 36. Kh2 Nf6 37. Rxe2 Rxe2 38. Nxe2 Re7 39. Nd4 Nd5 40. Rb3 g6 41.
Kg3 Nf6 42. Kf3 Nd5 43. Ne2 h5 44. Nf4 Rf7 45. g3 g5 46. hxg5 h4 47. gxh4 Rxf4+
48. Kg3 Rf7 49. Kg4 b5 50. h5 Kg7 51. Rd3 Nc7 52. Rd6 Kf8 53. g6 Re7 54. Kg5
Re5+ 55. Kh6 Re7 56. Rd8+ Ne8 57. g7+ Kg8 58. b3 Re6+ 59. Kg5 Kxg7 60. h6+ Kg8
61. Kf5 Rf6+ 62. Kg5 Rf8 63. Kg6 Kh8 64. c4 Rf6+ 65. Kg5 Re6 66. c5 Re7 67. c6
Kg8 68. c7 Rxc7 69. Rxe8+ Kh7 70. Re6 Rc5+ 71. Kg4 a5 72. Ra6 b4 73. axb4 axb4
74. Rb6 Rd5 75. Rxb4 Kxh6 76. Rb6+ Kg7 77. Kf4 Kf7 78. Ke4 Rd7 79. Ke5 Ke7 80.
Re6+ Kf7 81. Rb6 Ke7 82. b4 Rc7 83. Kd5 Kd7 84. Rh6 Kc8 85. Rc6 Kb7 86. Rxc7+
Kxc7 87. Kc5 Kb7 88. Kb5 Ka7 89. Kc6 Kb8 90. Kb6 Ka8 91. Ka6 Kb8 92. b5 Ka8 93.
b6 1-0

[Event "Challenge"]
[Site "http://www.queenalice.com/game.php?id=684850"]
[Date "2009.11.17"]
[Round "-"]
[White "victorlobo"]
[Black "leo3"]
[Result "0-1"]
[WhiteElo "1560"]
[BlackElo "1844"]

1. d4 f5 2. Bf4 Nf6 3. e3 g6 4. Bc4 Bg7 5. Be5 e6 6. Bxf6 Bxf6 7. Nc3 d5 8. Bb5+
Bd7 9. Nh3 Nc6 10. a3 Qe7 11. O-O a6 12. Nf4 axb5 13. Nxb5 Rc8 14. b4 Nd8 15.
Qd3 c6 16. Nc3 Ra8 17. Rfb1 Nf7 18. a4 O-O 19. a5 Nd6 20. Na4 Nc4 21. Nb6 Nxb6
22. axb6 Rxa1 23. Rxa1 Qxb4 24. Qb3 Qxb3 25. cxb3 e5 26. dxe5 Bxe5 27. Nd3 Bxa1
0-1

[Event "Challenge"]
[Site "http://www.queenalice.com/game.php?id=690216"]
[Date "2009.11.28"]
[Round "-"]
[White "leo3"]
[Black "Esvir"]
[Result "1-0"]
[WhiteElo "1849"]
[BlackElo "1884"]

1. Nf3 d5 2. c4 c6 3. d4 Nf6 4. Nc3 Bg4 5. e3 e6 6. Be2 Bxf3 7. Bxf3 dxc4 8. a4
Bb4 9. Bd2 O-O 10. O-O Nbd7 11. Ne4 Bxd2 12. Nxd2 e5 13. Nxc4 Rc8 14. dxe5 Nd5
15. Rc1 Re8 16. Nd6 Rxe5 17. Nxc8 Qxc8 18. Bxd5 Nf6 19. Bf3 Qe6 20. Rc3 g6 21.
b4 Qa2 22. Bxc6 bxc6 23. Rxc6 Kg7 24. Ra6 Qc4 25. Rxa7 Qxb4 26. Qc2 Ne4 27. Qc7
Nd6 28. Ra6 Re6 29. Rd1 Ne8 30. Qc8 Rd6 31. Raxd6 Nxd6 32. Qd7 Ne4 33. Qd4+ Qxd4
34. Rxd4 f5 35. a5 Nc5 36. Rd5 Na6 37. Rd7+ Kh6 38. g4 fxg4 39. e4 Nc5 40. Re7
Na6 41. e5 g5 42. Ra7 Nc5 43. a6 Kg6 44. Ra8 Kf5 45. a7 Nd7 46. Rb8 1-0

[Event "Challenge"]
[Site "http://www.queenalice.com/game.php?id=732396"]
[Date "2010.2.15"]
[Round "-"]
[White "rborges"]
[Black "leo3"]
[Result "1-0"]
[WhiteElo "1938"]
[BlackElo "1866"]

1. d4 f5 2. g3 Nf6 3. Bg2 g6 4. Nf3 Bg7 5. O-O O-O 6. c4 d6 7. Nc3 c6 8. b3 Qe8
9. Bf4 Nh5 10. Qd2 e5 11. dxe5 dxe5 12. Be3 Rf7 13. Rad1 Bd7 14. Bh6 Na6 15.
Bxg7 Nxg7 16. Qh6 Rd8 17. Ng5 Ne6 18. Nxf7 Qxf7 19. Rd6 Qe7 20. Rfd1 Nd4 21.
R6xd4 1-0